Nazwy chuligańskich ekip Polskich klubów - Statystyki

Ogólne statystyki
  • Ten quiz został rozwiązany 280 razy
  • Średni wynik to 14 z 21
Statystyki odpowiedzi
Nazwa ekipy Klub % Poprawnych
LPH Lech Poznań
96%
Teddy Boys 95 Legia Warszawa
96%
Sharks Wisła Kraków
90%
Jude Gang Cracovia
89%
Torcida Górnik Zabrze
85%
Psycho Fans Ruch Chorzów
82%
CHWM Lechia Gdańsk
81%
Ave Silesia Śląsk Wrocław
79%
DHW Widzew Łódź
76%
HFA Arka Gdynia
75%
Persona Non Grata GKS Katowice
70%
LFS Pogoń Szczecin
68%
HZL Zagłębie Lubin
66%
Barra Bravas Zagłębie Sosnowiec
58%
YBH’01 – Young Boys Hooligans Korona Kielce
55%
Red Blue Youngs Raków Częstochowa
50%
GTW - Grupa Trzymająca Władzę Elana Toruń
42%
Desperados Polonia Bytom
37%
Cuprum Invictus Miedź Legnica
35%
South Boys'99 BKS Stal Bielsko-Biała
19%
Valiant Boys GKS Bełchatów
17%
Nie znaleziono quizów pasujących do podanych kryteriów
Rozkład punktacji
Procent ludzi z każdym wynikiem
Percentyl według liczby udzielonych odpowiedzi
Twoja historia wyników
Nie rozwiązałeś tego quizu